000 00320nam a22001337a 4500
008 170619b xxu||||| |||| 00| 0 eng d
020 _a9780156806633
041 _aeng
080 _a94(100)
100 _a18
101 _aSHP
245 _aSEARS CROATS THE STRUGGLE IN YUGOSLAVIA
_cDRAGNICH.N
942 _2udc
_cBK
999 _c18102
_d18102